[Event "22nd Hoogeveen Open 2018"]
[Site "Hoogeveen"]
[Date "2018.10.21"]
[Round "2"]
[White "Kutchoukov, Daniel"]
[Black "Mellema, Andries"]
[Result "0-1"]
[WhiteElo "1882"]
[BlackElo "2140"]
[Annotator "NA"]
[PlyCount "102"]
[EventDate "2018.10.20"]
[EventType "swiss"]
[EventCountry "NED"]
[SourceTitle "playchess.com"]
[Source "ChessBase"]
[SourceQuality "1"]
[TimeControl "40/5400+30:1800+30"]

1. e4 {[%emt 0:00:00]} e6 {[%emt 0:00:00]} 2. d4 {[%emt 0:00:00]} d5 {[%emt 0:00:00]} 3. Nd2 {[%emt 0:00:00]} Nf6 {[%emt 0:00:32]} 4. e5 {[%emt 0:00:00]} Nfd7 {[%emt 0:00:09]} 5. Bd3 {[%emt 0:00:00]} c5 {[%emt 0:00:09]} 6. c3 {[%emt 0:00:00]} Nc6 {[%emt 0:00:05]} 7. Ne2 {[%emt 0:00:00]} cxd4 {[%emt 0:00:24]} 8. cxd4 {[%emt 0:00:00]} f6 {[%emt 0:00:24]} 9. exf6 {[%emt 0:00:00]} Nxf6 {[%emt 0:00:19]} 10. Nf3 {[%emt 0:00:02]} Bd6 {[%emt 0:00:06]} 11. O-O {[%emt 0:00:05]} O-O {[%emt 0:00:06]} 12. Bf4 {[%emt 0:07:13]} Bxf4 {[%emt 0:03:01]} 13. Nxf4 {[%emt 0:00:24]} Ne4 {[%emt 0:00:46]} 14. Qc1 {[%emt 0:06:59]} Ng5 {[%emt 0:09:01]} 15. Nxg5 {[%emt 0:03:41]} Qxg5 {[%emt 0:01:15]} 16. Ne2 {[%emt 0:00:35]} Qf6 {[%emt 0:03:45]} 17. Qe3 {[%emt 0:04:02]} e5 {[%emt 0:18:54]} 18. dxe5 {[%emt 0:10:26] LiveBook: 12 Games C06: French Tarrasch: 3...Nf6 4 e5 Nfd7 5 Bd3 main lines} Nxe5 {[%emt 0:01:22]} 19. Nd4 {[%emt 0:33:40]} Bd7 {[%emt 0:24:58]} 20. Rac1 $146 {[%emt 0:17:25]} ({Predecessor:} 20. Rad1 Rae8 21. Qd2 Re7 22. Be2 Qg6 23. f4 Bh3 24. Rf2 Ng4 25. Rf3 Re3 {½-½ (54) Radovanovic,D (2294)-Maksimovic,B (2406) Ikaros 2002}) 20... Kh8 {[%emt 0:06:34]} 21. Be2 {[%emt 0:08:59]} Rae8 {[%emt 0:17:59]} 22. Qd2 {[%emt 0:00:11]} Nc6 {[%emt 0:01:08]} 23. Nb3 {[%emt 0:04:53]} Qg6 {[%emt 0:03:28]} 24. Bd3 {[%emt 0:02:29]} Qd6 {[%emt 0:02:56]} 25. Rce1 {[%emt 0:00:43]} Ne5 {[%emt 0:00:20]} 26. Be2 {[%emt 0:00:37]} Bg4 {[%emt 0:02:16]} 27. Bxg4 {[%emt 0:00:24]} Nxg4 {[%emt 0:00:01]} 28. g3 {[%emt 0:00:34]} Rxe1 {[%emt 0:00:39]} 29. Rxe1 {[%emt 0:00:30]} Nxf2 {[%emt 0:01:35]} 30. Qxf2 {[%emt 0:00:30]} Rxf2 {[%emt 0:00:11]} 31. Kxf2 {[%emt 0:00:13]} h6 {[%emt 0:00:32]} 32. Rd1 {[%emt 0:00:50]} Qf6+ {[%emt 0:00:19]} 33. Ke3 {[%emt 0:00:31]} Qxb2 {[%emt 0:01:02]} 34. Rd2 {[%emt 0:00:27]} Qe5+ {[%emt 0:01:05]} 35. Kd3 {[%emt 0:00:30]} Qe4+ {[%emt 0:01:07]} 36. Kc3 {[%emt 0:00:12]} Qc4+ {[%emt 0:00:11]} 37. Kb2 {[%emt 0:00:05]} b5 {[%emt 0:01:18]} 38. Rd4 {[%emt 0:00:33]} Qe2+ {[%emt 0:00:19]} 39. Rd2 {[%emt 0:00:18]} Qe5+ {[%emt 0:00:14]} 40. Kc2 {[%emt 0:00:18]} a6 {[%emt 0:00:57]} 41. Rd4 {[%emt 0:31:01]} a5 {[%emt 0:05:17]} 42. Rd2 {[%emt 0:00:00]} a4 {[%emt 0:03:12]} 43. Nd4 {[%emt 0:00:00]} b4 {[%emt 0:00:38]} 44. Ne2 {[%emt 0:00:00]} Qe3 $19 {[%emt 0:01:13]} 45. Kd1 {[%emt 0:00:00]} Qe4 {[%emt 0:04:16]} 46. Nc1 {[%emt 0:00:00]} Qf3+ {[%emt 0:03:02]} 47. Kc2 {[%emt 0:00:00]} Qc3+ {[%emt 0:07:07]} 48. Kd1 {[%emt 0:00:00]} Qa1 {[%emt 0:01:13]} 49. Rd3 {[%emt 0:00:00]} Qb1 {[%emt 0:00:15]} 50. Kd2 {[%emt 0:00:00]} Qb2+ {[%emt 0:00:30]} 51. Kd1 {[%emt 0:00:00]} Qxh2 {[%emt 0:00:46]} 0-1

[Event "22nd Hoogeveen Open 2018"]
[Site "Hoogeveen"]
[Date "2018.10.21"]
[Round "2"]
[White "Brands, Kevin"]
[Black "De Boer, Bas"]
[Result "0-1"]
[WhiteElo "1862"]
[BlackElo "2102"]
[Annotator "NA"]
[PlyCount "66"]
[EventDate "2018.10.20"]
[EventType "swiss"]
[EventCountry "NED"]
[SourceTitle "playchess.com"]
[Source "ChessBase"]
[SourceQuality "1"]
[TimeControl "40/5400+30:1800+30"]

1. e4 {[%emt 0:00:00]} c5 {[%emt 0:00:00]} 2. Nf3 {[%emt 0:00:00]} d6 {[%emt 0:00:00]} 3. d4 {[%emt 0:00:00]} cxd4 {[%emt 0:00:00]} 4. Nxd4 {[%emt 0:00:00]} Nf6 {[%emt 0:00:00]} 5. Nc3 {[%emt 0:00:00]} a6 {[%emt 0:00:00]} 6. Be3 {[%emt 0:00:00]} e5 {[%emt 0:00:03]} 7. Nb3 {[%emt 0:00:00]} Be6 {[%emt 0:00:06]} 8. f3 {[%emt 0:00:29]} Be7 {[%emt 0:00:27]} 9. Qd2 {[%emt 0:00:11]} O-O {[%emt 0:00:28]} 10. O-O-O {[%emt 0:00:10]} Nbd7 {[%emt 0:00:08]} 11. g4 {[%emt 0:00:42]} b5 {[%emt 0:00:06]} 12. g5 {[%emt 0:01:12]} Nh5 {[%emt 0:00:08]} 13. Kb1 {[%emt 0:03:44] B90: Sicilian Najdorf: Unusual White 6th moves, 6 Be3 Ng4 and 6 Be3 e5} Nb6 {[%emt 0:00:09]} 14. Na5 {[%emt 0:08:24]} Rc8 {[%emt 0:03:53]} 15. Nd5 {[%emt 0:22:30]} Nxd5 {[%emt 0:00:42]} 16. exd5 {[%emt 0:00:06]} Bxd5 {[%emt 0:00:05]} 17. Qxd5 {[%emt 0:02:09]} Qxa5 {[%emt 0:00:06] [#]} 18. Bh3 $146 {[%emt 0:01:21]} ({Predecessor:} 18. c4 Nf4 19. Bxf4 exf4 20. cxb5 axb5 {½-½ (31) Leko,P (2679)-Giri,A (2762) Heraklio 2017}) 18... Rc4 {[%emt 0:12:07]} 19. Bg4 {[%emt 0:12:38]} Nf4 {[%emt 0:02:19]} 20. Bxf4 {[%emt 0:00:04]} Rxf4 {[%emt 0:01:11]} 21. Qb7 {[%emt 0:05:22]} Ra4 {[%emt 0:20:00]} 22. Be6 $11 {[%emt 0:12:14]} (22. Qxe7 {is a self mate.} Rxa2 23. c4 Qa4 24. Kc1 Qb3 25. Qxe5 dxe5 26. Rdg1 Qxb2+ 27. Kd1 Qd2#) 22... Bxg5 {[%emt 0:13:52]} 23. Rxd6 {[%emt 0:07:03]} Rd4 {[%emt 0:06:11]} 24. Rxd4 {[%emt 0:12:21]} exd4 {[%emt 0:00:07]} 25. Qd5 {[%emt 0:03:43]} Qd2 {[%emt 0:04:06]} 26. Bh3 {[%emt 0:04:40]} Rd8 {[%emt 0:01:14]} 27. Qe4 {[%emt 0:00:21]} d3 {[%emt 0:01:19]} 28. cxd3 {[%emt 0:01:10]} Bf6 {[%emt 0:06:03]} 29. d4 {[%emt 0:00:59]} g6 {[%emt 0:00:36]} 30. Qc2 {[%emt 0:02:05]} Rxd4 {[%emt 0:00:49]} 31. Rc1 {[%emt 0:00:39]} Qf4 {[%emt 0:04:23]} 32. Qc8+ {[%emt 0:00:44]} Kg7 {[%emt 0:01:17]} 33. Qc2 {[%emt 0:00:53]} Rd2 {[%emt 0:00:12]} 0-1

[Event "22nd Hoogeveen Open 2018"]
[Site "Hoogeveen"]
[Date "2018.10.21"]
[Round "2"]
[White "Van der Hagen, Loek"]
[Black "Miedema, David"]
[Result "0-1"]
[WhiteElo "1820"]
[BlackElo "2379"]
[Annotator "NA"]
[PlyCount "122"]
[EventDate "2018.10.20"]
[EventType "swiss"]
[EventCountry "NED"]
[SourceTitle "playchess.com"]
[Source "ChessBase"]
[SourceQuality "1"]
[TimeControl "40/5400+30:1800+30"]

1. e4 {[%emt 0:00:00]} e6 {[%emt 0:00:00]} 2. d4 {[%emt 0:00:00]} d5 {[%emt 0:00:00]} 3. Nd2 {[%emt 0:00:00]} c5 {[%emt 0:02:13]} 4. exd5 {[%emt 0:00:09]} exd5 {[%emt 0:00:05]} 5. Bb5+ {[%emt 0:00:17]} Nc6 {[%emt 0:00:54]} 6. Qe2+ {[%emt 0:01:14]} Qe7 {[%emt 0:00:09]} 7. Ndf3 {[%emt 0:01:13] C08: French Tarrasch: 3...c5 4 exd5 exd5 sidelines} (7. dxc5 Qxe2+ 8. Nxe2 Bxc5 9. Nb3 Bb6 10. Ned4 Bd7 11. Be3 Nf6 12. O-O-O O-O 13. Be2 Ne5 14. Bf4 Nc4 15. Bf3 a5 16. Kb1 a4 17. Nc1 Ne4 18. Bxe4 dxe4 {½-½ (65) Paveto,K (2424)-Santiago,Y (2414) Neuquen 2015}) 7... Qxe2+ {[%emt 0:06:40]} 8. Nxe2 {[%emt 0:02:16]} a6 {[%emt 0:00:02]} 9. Bxc6+ {[%emt 0:01:07]} bxc6 {[%emt 0:00:03]} 10. Ne5 $146 {[%emt 0:04:34]} ({Predecessor:} 10. O-O Nf6 11. Re1 Bd6 12. Ng3+ Kf8 13. c3 g6 14. Bh6+ Kg8 {1-0 (26) Muniz Rubiera,D-Baragano Campa,J Asturias 2001}) 10... Bf5 {[%emt 0:00:53]} 11. c3 {[%emt 0:03:01]} Rc8 {[%emt 0:07:42]} 12. b3 {[%emt 0:03:00]} f6 {[%emt 0:00:38]} 13. Nf3 {[%emt 0:01:40]} Be4 {[%emt 0:04:34]} 14. Ba3 {[%emt 0:06:49]} Bxf3 {[%emt 0:04:24]} 15. gxf3 {[%emt 0:00:09]} cxd4 {[%emt 0:00:02]} 16. Bxf8 {[%emt 0:00:47]} Kxf8 {[%emt 0:00:04]} 17. Nxd4 {[%emt 0:01:10]} c5 {[%emt 0:01:06]} 18. Ne6+ {[%emt 0:02:25]} Kf7 {[%emt 0:00:07]} 19. Nf4 {[%emt 0:01:03]} Ne7 {[%emt 0:08:21]} 20. O-O-O {[%emt 0:05:16]} Rhd8 {[%emt 0:00:03]} 21. Kb1 {[%emt 0:03:25]} g5 {[%emt 0:01:11]} 22. Ng2 {[%emt 0:02:51]} d4 {[%emt 0:15:34]} 23. Kb2 {[%emt 0:08:10]} Rd5 {[%emt 0:06:32]} 24. Rd2 {[%emt 0:09:31]} dxc3+ {[%emt 0:07:28]} 25. Kxc3 {[%emt 0:01:06]} Rf5 {[%emt 0:06:13]} 26. Rd3 {[%emt 0:05:02]} Nd5+ {[%emt 0:00:03]} 27. Kb2 {[%emt 0:01:34]} c4 {[%emt 0:00:17]} 28. bxc4 {[%emt 0:01:50]} Rxc4 {[%emt 0:01:26]} 29. Rhd1 {[%emt 0:02:55]} Nb6 {[%emt 0:05:08]} 30. Ka1 {[%emt 0:09:02]} Rfc5 {[%emt 0:00:53]} 31. Ne3 {[%emt 0:06:26]} Rh4 {[%emt 0:03:43]} 32. Nf1 {[%emt 0:03:00]} Na4 $17 {[%emt 0:02:48]} 33. Rd8 {[%emt 0:07:23]} Rhc4 {[%emt 0:02:29]} 34. Nd2 {[%emt 0:02:34]} Rc2 {[%emt 0:00:52]} 35. Nb3 {[%emt 0:00:41]} R5c4 {[%emt 0:06:51]} 36. R8d2 {[%emt 0:02:05]} Kg6 {[%emt 0:00:59]} 37. Rxc2 {[%emt 0:01:06]} Rxc2 {[%emt 0:00:04]} 38. Rd2 {[%emt 0:00:54]} Rc3 {[%emt 0:02:38]} 39. Rd4 {[%emt 0:01:03]} Nc5 {[%emt 0:00:58]} 40. Nxc5 {[%emt 0:01:03]} Rxc5 {[%emt 0:00:04]} 41. Kb2 {[%emt 0:10:02]} h5 {[%emt 0:02:37]} 42. h3 {[%emt 0:05:25]} Re5 {[%emt 0:02:20]} 43. Kc3 {[%emt 0:08:47]} Re2 {[%emt 0:00:48]} 44. Rd2 {[%emt 0:00:13]} Rxd2 {[%emt 0:01:28]} 45. Kxd2 {[%emt 0:00:12]} Kf5 {[%emt 0:00:24]} 46. Ke3 {[%emt 0:02:44]} a5 {[%emt 0:00:11]} 47. a4 {[%emt 0:02:19]} Ke5 {[%emt 0:00:41]} 48. f4+ {[%emt 0:01:23]} gxf4+ {[%emt 0:00:03]} 49. Kd3 {[%emt 0:01:12]} Kd5 {[%emt 0:01:35]} 50. h4 {[%emt 0:01:10]} Kc5 {[%emt 0:00:42]} 51. f3 {[%emt 0:01:18]} Kb4 {[%emt 0:00:06]} 52. Ke4 {[%emt 0:01:45]} Kxa4 {[%emt 0:00:04]} 53. Kf5 {[%emt 0:00:10]} Kb5 {[%emt 0:00:28]} 54. Kg6 {[%emt 0:00:05]} a4 {[%emt 0:00:03]} 55. Kxh5 {[%emt 0:00:09]} a3 {[%emt 0:00:04]} 56. Kg6 {[%emt 0:00:06]} a2 {[%emt 0:00:03]} 57. h5 {[%emt 0:00:06]} a1=Q {[%emt 0:00:05]} 58. h6 {[%emt 0:00:25]} Qg1+ {[%emt 0:00:13]} 59. Kf7 {[%emt 0:00:44]} Qh1 {[%emt 0:00:05]} 60. Kg7 {[%emt 0:00:09]} Qxf3 {[%emt 0:00:11]} 61. h7 {[%emt 0:00:09]} Qh5 {[%emt 0:00:04]} 0-1

[Event "22nd Hoogeveen Open 2018"]
[Site "Hoogeveen"]
[Date "2018.10.22"]
[Round "3"]
[White "Safarli, Eltaj"]
[Black "Kuipers, Stefan"]
[Result "1/2-1/2"]
[WhiteElo "2676"]
[BlackElo "2467"]
[Annotator "TA"]
[PlyCount "79"]
[EventDate "2018.10.20"]
[EventType "swiss"]
[EventCountry "NED"]
[SourceTitle "playchess.com"]
[Source "ChessBase"]
[SourceQuality "1"]

{[%evp 17,79,0,0,0,0,0,10,-20,13,13,0,4,20,0,27,32,29,0,41,0,0,-6,-13,-34,-13,-23,-25,-18,-14,-21,0,-31,-31,-31,0,-23,-23,-23,-14,-25,0,-27,0,-8,-3,-27,-3,-95,-6,-12,-25,-57,-57,-66,-25,-23,-25,-20,0,-29,0,-16,0,-27]} 1. e4 e6 2. d4 d5 3. Nd2 c5 4. Ngf3 cxd4 5. Nxd4 Nc6 6. Bb5 Bd7 7. Nxc6 bxc6 8. Bd3 Qc7 9. O-O Bd6 10. g3 {C07: French Tarrasch: 3...c5, 4 Ngf3 and 4 exd5 Qxd5} Nf6 11. c4 $146 ({Predecessor:} 11. f4 e5 12. fxe5 Bxe5 13. exd5 Bh3 14. Re1 O-O 15. Nc4 Bd4+ 16. Be3 Bxe3+ 17. Nxe3 cxd5 {0-1 (30) Haria,R (2202)-Hawkins,J (2516) Aberystwyth 2014}) 11... O-O 12. b3 dxe4 13. Nxe4 Nxe4 14. Bxe4 Rad8 15. Bb2 e5 16. Qe2 (16. Qc2 {is interesting.} Kh8 17. Bg2 Bc5 18. Rad1 a5 19. Bc3) 16... Rfe8 17. Rad1 g6 18. Bc3 Bc5 $1 19. Rfe1 Bd4 20. Bd2 Kg7 21. Be3 c5 22. Qf3 h6 23. g4 Be6 {[%cal Bd7e6,Be6f7,Bf7g6][%mdl 32]} 24. h3 a5 25. Qg3 f6 26. Rd3 Bxe3 27. Rdxe3 Rd2 28. h4 Bf7 29. Bb1 g5 30. Qg2 Rd4 31. Be4 Bg6 32. Qf3 (32. Bxg6 $11 Kxg6 33. h5+ (33. hxg5 hxg5 34. Rh3 Qd7 $15) 33... Kg7 34. Re4) 32... Qd7 (32... Bxe4 $17 33. Rxe4 gxh4) 33. Kg2 Rd8 34. hxg5 hxg5 35. Rh1 Bxe4 36. Rxe4 Rd3 37. Re3 Rd4 38. Re4 Rd3 39. Re3 Rd4 40. Re4 {Precision: White = 34%, Black = 42%.} 1/2-1/2

[Event "22nd Hoogeveen Open 2018"]
[Site "Hoogeveen"]
[Date "2018.10.22"]
[Round "3"]
[White "Romanov, Evgeny"]
[Black "Beerdsen, Thomas"]
[Result "1-0"]
[WhiteElo "2614"]
[BlackElo "2460"]
[Annotator "TA"]
[PlyCount "81"]
[EventDate "2018.10.20"]
[EventType "swiss"]
[EventCountry "NED"]
[SourceTitle "playchess.com"]
[Source "ChessBase"]
[SourceQuality "1"]

{[%evp 13,81,9,60,44,24,37,35,25,39,45,70,39,73,46,49,48,130,132,122,134,151,149,144,146,162,153,184,160,187,212,326,222,267,147,140,130,141,73,281,269,295,290,289,269,456,471,530,524,508,325,325,326,322,323,313,299,313,308,452,445,450,450,447,442,495,492,495,489,487,477]} 1. d4 Nf6 2. Nf3 e6 3. e3 c5 4. Bd3 Nc6 5. O-O d5 6. b3 Bd6 7. Bb2 Qc7 (7... cxd4 $11 8. exd4 Bd7) 8. c4 {D05: Colle System with ...e6} (8. dxc5 Bxc5 9. c4 dxc4 10. Bxc4 Be7 11. Nbd2 O-O 12. Rc1 a6 13. Qc2 Qb8 14. Ne4 e5 15. Nxf6+ Bxf6 {½-½ (69) Adhiban,B (2666)-Atabayev,M (2492) Doha 2016}) 8... dxc4 9. bxc4 O-O 10. Nc3 {White is slightly better.} a6 11. d5 Ne7 {[%cal Re6d5]} 12. a4 $146 ({Predecessor:} 12. Qc2 h6 13. Rad1 Kh8 14. Qc1 exd5 15. Nxd5 Nfxd5 16. cxd5 {1-0 (25) Legky,N (2482)-Mikhalevski,A (2439) Montreal 2003}) 12... Rd8 {[%cal Re6d5]} 13. e4 Ng6 14. h3 e5 (14... b6 $14) 15. Re1 $16 Bd7 16. a5 Rab8 17. Bf1 Rf8 18. Bc1 Nh5 19. Be3 Nhf4 20. Nd2 f5 21. exf5 Nh4 (21... Bxf5 $142 22. Nde4 Nh4) 22. Nce4 Bxf5 23. Bxf4 ({But not} 23. g3 $6 Bxe4 24. Nxe4 Nf3+ 25. Kh1 Nxe1 $16) (23. Nxd6 $18 Qxd6 24. g3) 23... exf4 24. Qh5 Ng6 25. Ng5 ({White should try} 25. Nf3) 25... h6 $2 {[#]} (25... Ne5 $16) 26. Ne6 $18 Qf7 27. Nxf8 Rxf8 28. Ra3 Qf6 $2 (28... Ne5 29. Qxf7+ Nxf7) 29. Bd3 Qb2 30. Bxf5 Qxd2 31. Qd1 ({Stronger than} 31. Qxg6 Qxe1+ 32. Kh2 f3+ 33. Qxd6 Rxf5 $14) 31... Qxd1 32. Be6+ Kh7 33. Rxd1 Ne5 34. Rb3 Nxc4 35. Rxb7 Nxa5 (35... Rd8 {is a better defense.} 36. Ra7 Nxa5) 36. Rd7 {White is clearly winning.} Be5 37. d6 Nc6 38. Rd5 Kg6 39. Rxc5 Kf6 40. Rxc6 Kxe6 41. Re7+ {Precision: White = 74%, Black = 42%.} 1-0

[Event "22nd Hoogeveen Open 2018"]
[Site "Hoogeveen"]
[Date "2018.10.22"]
[Round "3"]
[White "Kryakvin, Dmitry"]
[Black "Van Delft, Merijn"]
[Result "1/2-1/2"]
[WhiteElo "2595"]
[BlackElo "2381"]
[Annotator "TA"]
[PlyCount "81"]
[EventDate "2018.10.20"]
[EventType "swiss"]
[EventCountry "NED"]
[SourceTitle "playchess.com"]
[Source "ChessBase"]
[SourceQuality "1"]

{[%evp 13,81,0,0,0,10,0,5,10,13,14,12,0,0,-1,13,13,14,12,18,8,18,19,6,0,8,-6,-17,-10,-10,-41,-35,-70,-30,-104,-98,-103,-106,-97,-60,-58,-54,-46,-39,-44,-39,-71,-12,-14,-6,-14,-6,-17,-31,-41,-37,-37,0,0,0,0,0,-6,-6,-8,0,0,0,-8,0,0]} 1. d4 d5 2. Bf4 c5 3. e3 cxd4 4. exd4 Nc6 5. c3 Bf5 (5... Nf6 6. Bd3 Bg4 7. Qb3 Qc8 8. Nd2 e6 9. Ngf3 Bh5 10. O-O Be7 11. Rae1 a6 12. Qc2 Bg6 13. Ne5 Nxd4 14. Qa4+ Nc6 15. Nxg6 hxg6 16. Nf3 b5 17. Qd1 Qd7 18. a4 bxa4 19. Qxa4 {1-0 (84) Nakamura,H (2780)-Topalov,V (2749) Saint Louis 2017}) 6. Nf3 {B13: Caro-Kann: Exchange Variation and Panov-Botvinnik Attack} e6 7. Qb3 Qd7 {LiveBook: 39 Games} 8. Nh4 Be4 9. Nd2 Nge7 $146 ({Predecessor:} 9... Nf6 10. Be2 Bd6 11. Bxd6 Qxd6 12. Nxe4 Nxe4 13. Rd1 {½-½ (47) Woltmann,M (2062)-Wallinger,M (2047) GER email 2013}) 10. Be2 Ng6 11. Nxg6 Bxg6 12. h4 h6 13. Nf3 a6 14. Ne5 Nxe5 15. Bxe5 f6 16. Bf4 Bd6 17. Bxd6 Qxd6 18. Qa4+ Kf7 19. Rh3 Bf5 20. g4 Be4 $36 {[%mdl 2048] Black has the initiative.} 21. Kf1 Rae8 22. Rd1 Re7 23. Rd2 (23. Re1 $11) 23... Qf4 24. Qd1 f5 25. Kg1 fxg4 26. Bxg4 Rf8 27. f3 Bf5 28. Rg2 Kg8 29. Qd2 Qxd2 ({Better is} 29... Qd6 $17) 30. Rxd2 $11 Bxg4 31. fxg4 $17 {[%mdl 4096] Endgame KRR-KRR} Rf4 32. Rg2 e5 33. dxe5 Rxe5 34. Rd3 g5 35. hxg5 {The position is equal.} hxg5 36. Kh2 Kf7 37. Rh3 Kg7 38. Rd3 Kf7 39. Rh3 Kg7 40. Rd3 Kf7 41. Rh3 {Precision: White = 53%, Black = 61%.} 1/2-1/2

[Event "22nd Hoogeveen Open 2018"]
[Site "Hoogeveen"]
[Date "2018.10.22"]
[Round "3"]
[White "Iniyan, P."]
[Black "Sparenberg, Erik"]
[Result "0-1"]
[WhiteElo "2476"]
[BlackElo "2224"]
[Annotator "TA"]
[PlyCount "66"]
[EventDate "2018.10.20"]
[EventType "swiss"]
[EventCountry "NED"]
[SourceTitle "playchess.com"]
[Source "ChessBase"]
[SourceQuality "1"]

{[%evp 17,66,18,18,0,39,31,50,0,7,-7,-8,-32,4,-90,-32,-51,-8,-50,-28,-44,0,0,0,0,50,45,106,120,108,104,145,95,97,46,106,93,241,30,479,460,456,433,372,-325,-322,-318,-327,-1661,-1679,-1504,-1447]} 1. Nf3 Nf6 2. c4 g6 3. g3 Bg7 4. Bg2 O-O 5. O-O d6 6. Nc3 a6 7. Rb1 Nc6 8. b4 e5 9. d3 Re8 {LiveBook: 6 Games. A26: English Opening vs King's Indian with ...Nc6 and d3} (9... h6 10. a4 Be6 11. b5 axb5 12. axb5 Ne7 13. Qb3 c6 14. bxc6 bxc6 15. Nd2 d5 16. Ba3 Re8 17. Rfc1 Nf5 18. cxd5 cxd5 19. Nb5 Qa5 20. Nc7 Qxd2 21. Nxe8 Rxe8 {½-½ (52) Oparin,G (2612)-Iljiushenok,I (2532) Cheliabinsk 2018}) 10. Nd2 Ne7 $146 ({Predecessor:} 10... Nd4 11. e3 Ne6 12. Bb2 c6 13. Qb3 h5 14. Nf3 Ng4 15. Rbd1 Ng5 16. Nxg5 Qxg5 17. Ne4 {1-0 (51) Kalka,A (2329)-Bonnmann,R (2229) Germany 2017}) 11. a4 c6 {White is slightly better.} 12. b5 axb5 13. axb5 d5 14. Qb3 Be6 15. Ba3 {[#]} (15. Nf3 $11 {keeps the balance.}) 15... Nf5 (15... e4 $1 $17 {[%mdl 512]} 16. Rfd1 (16. dxe4 dxc4) 16... exd3 17. exd3 Nf5 18. bxc6 bxc6) 16. Qb2 Qd7 (16... e4 $5 17. bxc6 bxc6 18. dxe4 dxe4 $15) 17. Nb3 dxc4 18. Nc5 Qc8 19. N3a4 Rxa4 20. Nxa4 {Black must now prevent Nb6.} cxd3 (20... e4 $5) 21. exd3 Nd4 (21... cxb5 $14 22. Nc3 (22. Qxb5 Bd7 $14) 22... e4) 22. bxc6 $16 bxc6 23. Bc5 $1 Nb3 24. Be3 (24. Qxe5 $2 Nd7 $17) 24... Qa6 25. Nb6 (25. Nc5 $16 Nxc5 26. Bxc5) 25... Qxd3 {[#]} ({Black should try} 25... e4 $14) 26. Rfd1 $1 {[%cal Rd1d3]} ({Of course not} 26. Bxc6 $6 Rd8 $11) (26. Qxe5 Ng4 $15) 26... Qb5 {[#]} (26... Qf5 $16 {was necessary.}) 27. Rd6 $2 ({White should play} 27. Qc2 $1 $18 e4 28. Rd6) 27... Bf5 $2 {[%mdl 8192]} (27... Nd4 $1 $11) 28. Bxc6 $18 Qb4 29. Rxf6 ({Weaker is} 29. Qxb3 Qxd6 30. Bxe8 Nxe8 $18) 29... Bxb1 30. Nd5 $4 {[%mdl 8192]} (30. Bxe8 Qe1+ 31. Kg2 Be4+ 32. f3 Qxe3 $18) (30. Qxb1 $18 {was the only winning move.} Rf8 31. Rf3) 30... Qe1+ $19 31. Kg2 Be4+ 32. Rf3 $2 (32. f3 Bxd5 33. Bxd5 Bxf6 34. Qxb3 Qe2+ 35. Bf2) 32... Bxf3+ 33. Kxf3 e4+ {Precision: White = 34%, Black = 23%.} 0-1

[Event "22nd Hoogeveen Open 2018"]
[Site "Hoogeveen"]
[Date "2018.10.22"]
[Round "3"]
[White "Kevlishvili, Robby"]
[Black "Amin, Bassem"]
[Result "1/2-1/2"]
[WhiteElo "2461"]
[BlackElo "2686"]
[Annotator "TA"]
[PlyCount "92"]
[EventDate "2018.10.20"]
[EventType "swiss"]
[EventCountry "NED"]
[SourceTitle "playchess.com"]
[Source "ChessBase"]
[SourceQuality "1"]

{[%evp 19,92,5,44,0,0,4,5,7,12,1,12,12,11,24,12,11,72,76,72,69,86,84,80,70,81,81,87,31,22,0,0,0,0,0,0,-6,0,0,0,0,0,0,0,0,0,0,0,0,0,0,0,0,0,0,0,0,0,-49,-49,-49,-49,-49,-50,-51,-51,-51,-51,-95,-63,-70,-19,-255,-233,-256,-256]} 1. e4 e5 2. Nf3 Nc6 3. Bb5 {[%cal Bf1b5,Bb5a4,Ba4b3][%mdl 32]} a6 4. Ba4 Nf6 5. O-O Nxe4 6. d4 b5 7. Bb3 d5 8. dxe5 Be6 9. Be3 Be7 10. c3 Nc5 {LiveBook: 164 Games} 11. h3 {C83: Open Ruy Lopez: 9 c3 Be7} (11. Bc2 Nd7 12. Nd4 Ncxe5 13. f4 Nc4 14. Bc1 Nf6 15. b3 Nd6 16. Nc6 Qd7 17. Ne5 Qc8 18. Nc6 Qd7 19. Ne5 Qc8 20. Nc6 Qd7 21. Ne5 {½-½ (21) Hovhannisyan,R (2608)-Meskovs,N (2524) Riga 2018}) 11... Nxb3 12. axb3 O-O 13. Nbd2 {[%cal Bb1d2,Bd2f1,Bf1e3][%mdl 32] The position is equal.} Qd7 $146 ({Predecessor:} 13... Bf5 14. Qe2 f6 15. exf6 Bxf6 16. Nd4 Nxd4 17. Bxd4 Qd6 18. Rfe1 c5 19. Bxf6 Qxf6 {1-0 (46) Larsson,P (2310)-Carleson,C (2335) Stockholm 1986}) 14. Qe2 Rfe8 15. Rfd1 Bf5 16. Nf1 Bf8 17. Bf4 f6 (17... h6 $11 {keeps the balance.}) 18. Ne3 $16 fxe5 19. Rxd5 Bd6 20. Nxf5 Qxf5 21. Bg3 Ne7 {[%cal Bc6e7,Be7g6,Bg6f4][%mdl 32]} 22. Rdd1 Ng6 23. Nd2 (23. b4 $16) 23... e4 $1 $14 24. Bxd6 cxd6 25. Nf1 Nf4 26. Qg4 Qe5 27. Ne3 Rf8 28. Rd2 h5 29. Qg3 Rae8 30. h4 Rf6 31. Qg5 Qe6 32. Rxa6 Nh3+ $1 33. gxh3 Rg6 34. Rdxd6 Rxg5+ 35. hxg5 Qxh3 36. Ra7 Kh8 37. Rdd7 Rg8 38. Rd5 Rf8 39. g6 $1 Qf3 40. Rf7 $1 {[%cal Rf7f3]} Rxf7 41. gxf7 Qxf7 42. Rxb5 $15 {KQ-KRN} g6 43. Rg5 Kh7 {[%mdl 1024] Black has strong compensation.} 44. b4 Kh6 (44... Qa2 $15 45. c4 Kh6) 45. Rg3 $2 {[#]} (45. Rd5 $1 $11) 45... Qb3 $19 46. Nf1 Qxb2 {[%mdl 32768] Precision: White = 64%, Black = 70%. . An unexpected result.} 1/2-1/2